Josefina, la historia de una adopción
Guardat en:
| Autors principals: | , , |
|---|---|
| Format: | Llibre |
| Idioma: | espanyol |
| Publicat: |
Santiago
UNICEF
1990
|
| Edició: | 2a. ed |
| Matèries: | |
| Etiquetes: |
Afegir etiqueta
Sense etiquetes, Sigues el primer a etiquetar aquest registre!
|
MARC
| LEADER | 00000nam a2200000 a 4500 | ||
|---|---|---|---|
| 001 | UCW6264 | ||
| 003 | CL-VaPUC | ||
| 008 | 911118e19900000CL |||||||||||||||||spa|d | ||
| 082 | 0 | 4 | |a Ch863 |b BRA |2 21 |
| 100 | 0 | |a Bravo X., Patricia |e author |9 311306 | |
| 700 | 0 | |a Hermosilla V., Marta |e author |9 311307 | |
| 700 | 0 | |a Varela S., M. Isabel |e author |9 311308 | |
| 245 | 1 | 0 | |a Josefina, la historia de una adopción |
| 250 | |a 2a. ed | ||
| 300 | |a 24 p | ||
| 942 | |c BK | ||
| 945 | |d 19911118 00:00:00 | ||
| 260 | |a Santiago |b UNICEF |c 1990 | ||
| 650 | 0 | |a Cuentos infantiles chilenos |9 308784 | |
| 650 | 0 | |a Adopción |9 255783 | |
| 650 | 0 | |a Literatura juvenil |9 309909 | |
| 583 | |a last modification |c 19911118 00:00:00 |k Rodrigo Vera | ||
| 999 | |c 219393 |d 219391 | ||
| 952 | |0 0 |1 0 |4 0 |6 CH_863_000000000000000_BRA_1990 |7 0 |8 A |9 210295 |a BIBEDU |b BIBEDU |d 2019-11-15 |i 2783622 |o Ch863 BRA 1990 |p 2783622 |r 2019-11-15 |w 2019-11-15 |y BK |k EDU | ||
| 952 | |0 0 |1 0 |4 0 |6 CH_863_000000000000000_BRA_1990 |7 0 |8 A |9 210296 |a BIBEDU |b BIBEDU |d 2019-11-15 |i 2783630 |o Ch863 BRA 1990 |p 2783630 |r 2019-11-15 |w 2019-11-15 |y BK |k EDU | ||
| 952 | |0 0 |1 0 |4 0 |6 CH_863_000000000000000_BRA_1990 |7 0 |8 A |9 210297 |a BIBEDU |b BIBEDU |d 2019-11-15 |i 3963012 |o Ch863 BRA 1990 |p 3963012 |r 2019-11-15 |w 2019-11-15 |y BK |k EPE | ||